000 00561nam a2200229Ia 4500
003 OSt
005 20220928103939.0
006 a|||||r|||| 00| 0
007 ta
008 220927b |||||||| |||| 00| 0 eng d
024 _a62004
037 _cTextual
040 _aSDCL
_cSDCL
_beng
041 _2eng
_aeng
082 _aDelta:3, M0
100 _aJyotimaryanand
_9407663
245 0 _aVidharthiyon ko yog sandesh
260 _c1980
300 _a24p
_ccm.
942 _hDelta:3, M0
_cTEXL
_2CC
999 _c723190
_d723190